000 00608nam a22001937a 4500
003 OSt
005 20251106092506.0
008 251106b |||||||| |||| 00| 0 eng d
020 _a971-685-720-7
040 _aDWC-Main Lib.
_cOC
082 _aFil. 510 F981 2010
100 _aArellano, Elvira L.
245 _aFundamentals of mathematics 1/
_cElvira L. Arellano
260 _aQuezon City, Phils. :
_bLorimar Pub.,
_cc2010.
300 _aiv, 284 p. :
_bcol. ill. ;
_c25 cm.
504 _aIncludes references.
650 _a1. Mathematics. I. Arellano, Elvira L.
942 _2ddc
_cBK - FIL
_hFil.
_n0
999 _c5645
_d5645